000 00675nam a2200193 i 4500
001 114932
003 ES-MaACL
005 20230906190304.0
007 t|
008 070213s1951 sp ||||1| spa d
100 1 _aVillota y Muniesa, Marcelo de.
_9115285
245 1 0 _aSoldadura eléctrica por resistencia
_b: (apuntes) /
_cMarcelo de Villota y Muniesa.
260 _aMadrid :
_bConsejo Superior de Investigaciones CientĂ­ficas,
_c1951.
300 _a36 p. :
_bil. ;
_c30 cm.
490 1 _aInstituto de la Soldadura: Publicaciones ;
_v13
830 0 _aInstituto de la Soldadura: Publicaciones ;
_v13
_9185853
852 _aES-MaACL
_jC-56545
999 _c114932
_d114932